000 01164nam a22002897a 4500
999 _c7031
_d7031
003 AR-CdUCM
008 190319b ||||| |||| 00| 0 spa d
040 _aMUNICIPALIDAD PROVINCIAL DEL CUSCO
_cBIBLIOTECA MUNICIPAL DEL CUSCO
082 _24ed.
_a508.2 /
_bSC29
100 _aSchulze, Werner
_919811
245 _aQuimica General y Quimica Fisica /
260 _aMexico :
_bHispano Americana,
_c1962.
300 _a2 tomos ;
_bIlustraciones, diagramas,
_c17 cm.
440 _aManuales Uteha
_n3
_919812
500 _aQuimica
505 _aContenido: t.1 : Ecuación del estado de gases -- Temperatura absoluta -- Postulados de la teoría cinética -- Ley de las proporciones constantes -- t.2 : Sistemas heterogeneos -- sustancias -- electroquimica -- conductividad y transporte -- equilibrios químicos...
650 _aQuimica
_94512
650 _aFisica
_92382
650 _aElectromotrices
_919813
650 _aConductividad
_92383
650 _aPeso atómico
_919814
650 _aCinética
_918809
650 _aEcuación de Van der
_919815
700 _aTeresa Toral, Maria (Traducción)
_919816
942 _2ddc
_cLIBROS
945 _awnts
_d2019-05-7